000 00344 a2200109 4500
001 ART_19023
005 20260410161704.0
008 260409a
245 1 0 _aLey de promoción de las inversiones en la provincia de Buenos Aires
100 1 _aSantacruz, Lidia M.
773 0 _tRevista Impuestos
_g- Nº 15 (ago. 2009)
_wREV639
999 _c15477
_d15477